Sturm
Kaydedildi:
| Yazar: | |
|---|---|
| Materyal Türü: | Kitap |
| Dil: | Undetermined |
| Baskı/Yayın Bilgisi: |
Berlín, Alemania
Verlag Volk und Welt
1967
|
| Konular: | |
| Etiketler: |
Etiketle
Etiket eklenmemiş, İlk siz ekleyin!
|
MARC
| LEADER | 00000nam a2200000Ia 4500 | ||
|---|---|---|---|
| 008 | 170316s9999 xx 000 0 und d | ||
| 040 | |a cru BVZT | ||
| 090 | |a 860 A-40st | ||
| 100 | |a Asturias, Miguel Ángel |9 1028 | ||
| 245 | |a Sturm |c / Miguel Ángel Asturias | ||
| 260 | |a Berlín, Alemania |b Verlag Volk und Welt |c 1967 | ||
| 300 | |a 245 páginas | ||
| 650 | |a LITERATURA LATINOAMERICANA |9 15 | ||
| 999 | |c 8352 |d 8352 | ||
| 942 | |c 15 D |h 860 A-40st |2 z | ||
